[Event "?"]
[Site "?"]
[Date "2011.06.04"]
[Round "6.28"]
[White "Hartmann, Anatoli"]
[Black "Sazonovs, Sergejs"]
[Result "1-0"]
[WhiteElo "1697"]
[BlackElo "1480"]
[PlyCount "164"]
[EventDate "2011.??.??"]

1. d4 d5 2. Bf4 e6 3. e3 a6 4. Bd3 Nf6 5. Nf3 c5 6. dxc5 Bxc5 7. c3 Nc6 8. O-O
Qe7 9. Ne5 Bd6 10. Qa4 Bd7 11. Nxd7 Nxd7 12. Bb5 O-O 13. Bxc6 Nc5 14. Bxd6 Qxd6
15. Qd1 bxc6 16. Nd2 Nd3 17. Qc2 Ne5 18. h3 Rab8 19. Rad1 Rb7 20. b4 Qc7 21.
Nb3 Nd7 22. e4 Rc8 23. f3 h6 24. f4 Nf6 25. Nc5 Ra7 26. e5 Nd7 27. Qf2 a5 28.
a3 axb4 29. axb4 Rca8 30. Qd4 g6 31. Nb3 Nb6 32. Na5 Nd7 33. Nb3 Nb6 34. Na5
Nd7 35. Ra1 c5 36. Qd2 cxb4 37. cxb4 Nb6 38. Qd4 Nc4 39. Rac1 Rxa5 40. bxa5
Rxa5 41. Ra1 Rxa1 42. Rxa1 Qb6 43. Qxb6 Nxb6 44. g4 Nc4 45. Kf2 Nd2 46. Ke3 Ne4
47. Rg1 Kh7 48. f5 g5 49. Rc1 exf5 50. gxf5 Ng3 51. Kd4 Nxf5+ 52. Kxd5 Kg7 53.
Rc7 Kg6 54. Rc6+ Kg7 55. Ke4 Nh4 56. Ra6 Kh7 57. e6 fxe6 58. Rxe6 Kg7 59. Ra6
Ng6 60. Kf5 Nh4+ 61. Kg4 Ng6 62. Rb6 Ne5+ 63. Kf5 Nc4 64. Rb7+ Kf8 65. Kg6 Ne5+
66. Kxh6 g4 67. h4 g3 68. Rg7 Nf3 69. Rxg3 Nd4 70. Rg1 Nf5+ 71. Kg5 Ng7 72. Kg6
Ne6 73. Kf6 Nf4 74. Ra1 Kg8 75. Ra4 Nd5+ 76. Kg5 Kh7 77. h5 Kg7 78. Ra7+ Kh8
79. h6 Kg8 80. h7+ Kh8 81. Kh6 Nc7 82. Rb7 Ne8 1-0

[Event "?"]
[Site "?"]
[Date "2011.06.04"]
[Round "6.29"]
[White "Schmidt, Armin"]
[Black "Pelezki, Jurij"]
[Result "1/2-1/2"]
[WhiteElo "1578"]
[BlackElo "1822"]
[PlyCount "98"]
[EventDate "2011.??.??"]

1. e4 c5 2. Nf3 Nc6 3. d4 cxd4 4. Nxd4 Nf6 5. Nxc6 bxc6 6. Bd3 g6 7. O-O Bg7 8.
Nc3 d6 9. Be3 Ng4 10. Bd2 Rb8 11. Rb1 e5 12. h3 Nf6 13. Be3 Qe7 14. Qd2 O-O 15.
Bg5 Be6 16. b3 Qc7 17. Nd1 d5 18. Bxf6 Bxf6 19. c3 Rfd8 20. Qc2 Bg5 21. Ne3 Qe7
22. Qe2 Bd7 23. exd5 Bxe3 24. dxc6 Bxc6 25. Qxe3 Kg7 26. Be4 Bxe4 27. Qxe4 Rd2
28. a4 Rbd8 29. Rfe1 f6 30. Re2 Qc5 31. Rxd2 Rxd2 32. Qe3 Qxe3 33. fxe3 Rd3 34.
Rc1 Rxe3 35. Kf2 Rd3 36. a5 Kf7 37. b4 Rd2+ 38. Kf3 f5 39. b5 Ke6 40. c4 Kd7
41. c5 Rb2 42. c6+ Kc7 43. Rc5 Rb3+ 44. Kf2 e4 45. Rd5 f4 46. Rd7+ Kc8 47. Rb7
Rb2+ 48. Ke1 Rb1+ 49. Ke2 Rb2+ 1/2-1/2

[Event "?"]
[Site "?"]
[Date "2011.06.04"]
[Round "6.30"]
[White "Aab, Manfred"]
[Black "Kuhn, Magnus"]
[Result "0-1"]
[WhiteElo "1809"]
[BlackElo "1579"]
[PlyCount "54"]
[EventDate "2011.??.??"]

1. d4 d5 2. e4 e6 3. Nc3 Nf6 4. Bg5 Be7 5. e5 Nfd7 6. h4 O-O 7. Qg4 f5 8. exf6
Nxf6 9. Qe2 c5 10. O-O-O Nc6 11. Be3 c4 12. g4 Bb4 13. Nb1 Ne4 14. c3 Ba5 15.
Bg2 Nd6 16. f4 b5 17. f5 b4 18. Bg5 Qd7 19. Nh3 bxc3 20. Nxc3 Bxc3 21. bxc3 Rb8
22. fxe6 Qb7 23. Bxd5 Qb1+ 24. Kd2 Rb2+ 25. Ke1 Rxe2+ 26. Kxe2 Qb2+ 27. Rd2 Qb5
0-1

[Event "?"]
[Site "?"]
[Date "2011.06.04"]
[Round "6.31"]
[White "Issaad, Pascal"]
[Black "Reichardt, Bernd"]
[Result "0-1"]
[WhiteElo "1540"]
[BlackElo "1803"]
[PlyCount "70"]
[EventDate "2011.??.??"]

1. d3 b6 2. Nf3 Bb7 3. g3 c5 4. Bg2 e6 5. Bf4 d6 6. Nbd2 e5 7. Be3 Nf6 8. O-O
Nbd7 9. Nb3 Be7 10. c4 O-O 11. Ng5 Bxg2 12. Kxg2 Ng4 13. Ne4 Nxe3+ 14. fxe3 f5
15. Nc3 g6 16. e4 f4 17. Nd5 fxg3 18. hxg3 Bg5 19. e3 Nf6 20. Nxf6+ Rxf6 21.
Qe2 Qe7 22. Rad1 Raf8 23. Rxf6 Rxf6 24. Nd2 h5 25. Nf3 Rf8 26. Rh1 Kg7 27. Rh2
a6 28. a4 Rb8 29. Nd2 Bh6 30. Nf3 b5 31. axb5 axb5 32. Kh3 bxc4 33. dxc4 Qd7+
34. Kg2 Qb7 35. Kh3 Qxe4 0-1

[Event "?"]
[Site "?"]
[Date "2011.06.04"]
[Round "6.32"]
[White "Gampper, Steffen"]
[Black "Hahn, Martin"]
[Result "1/2-1/2"]
[WhiteElo "1534"]
[BlackElo "1783"]
[PlyCount "58"]
[EventDate "2011.??.??"]

1. e4 e5 2. d4 exd4 3. Qxd4 Nc6 4. Qe3 g6 5. Nc3 Bg7 6. Bc4 Nge7 7. a3 d6 8.
Nge2 O-O 9. O-O Ne5 10. Bd3 Be6 11. f4 Nxd3 12. cxd3 f5 13. exf5 Bxf5 14. Nd4
Qd7 15. Nxf5 Nxf5 16. Qf3 c6 17. Be3 Nxe3 18. Qxe3 d5 19. Qd2 Rae8 20. d4 Re7
21. Rae1 Rxe1 22. Rxe1 Re8 23. Kf1 Rxe1+ 24. Kxe1 Qe7+ 25. Qe2 Kf7 26. Qxe7+
Kxe7 27. Ne2 Kd6 28. b4 b6 29. Kd2 c5 1/2-1/2

[Event "?"]
[Site "?"]
[Date "2011.06.04"]
[Round "6.33"]
[White "Reichert, Ferdinand"]
[Black "Tsybulevsky, Jury"]
[Result "1-0"]
[WhiteElo "1494"]
[BlackElo "1674"]
[PlyCount "42"]
[EventDate "2011.??.??"]

1. e4 d6 2. f4 Nc6 3. Nf3 h6 4. d4 Nf6 5. Nc3 a6 6. a3 e6 7. Bd3 Ne7 8. O-O Nd7
9. e5 d5 10. Be3 b6 11. Nh4 c5 12. f5 exf5 13. Bxf5 g6 14. e6 gxf5 15. exf7+
Kxf7 16. Qh5+ Ke6 17. Nxf5 Nxf5 18. Qxf5+ Ke7 19. Qf7+ Kd6 20. Qxd5+ Ke7 21.
Qf7+ Kd6 1-0

[Event "?"]
[Site "?"]
[Date "2011.06.04"]
[Round "6.34"]
[White "Trobonjaca, Milos"]
[Black "Tansek, Branko"]
[Result "0-1"]
[WhiteElo "1647"]
[BlackElo "1560"]
[PlyCount "34"]
[EventDate "2011.??.??"]

1. d4 d5 2. c4 e6 3. Nf3 Nf6 4. Bg5 Be7 5. Nbd2 c5 6. b3 Nc6 7. e3 h6 8. Bh4
O-O 9. Be2 b6 10. O-O Bb7 11. cxd5 Nxd5 12. Bxe7 Qxe7 13. Rc1 cxd4 14. exd4 Nf4
15. Bb5 Nxd4 16. Nxd4 Qg5 17. Bc6 Bxc6 0-1

[Event "?"]
[Site "?"]
[Date "2011.06.04"]
[Round "6.35"]
[White "Pfeilsticker, Thorsten"]
[Black "Haro, Niel"]
[Result "1-0"]
[WhiteElo "1595"]
[BlackElo "1519"]
[PlyCount "95"]
[EventDate "2011.??.??"]

1. d4 Nf6 2. c4 g6 3. Nc3 d5 4. c5 Bg7 5. e3 c6 6. Bd3 Bg4 7. Nf3 O-O 8. h3 Bd7
9. g4 Qc8 10. Ne5 Be6 11. Rg1 Nfd7 12. f4 Nxe5 13. fxe5 f5 14. Bd2 fxg4 15.
hxg4 b5 16. b4 a5 17. a3 axb4 18. axb4 Bxg4 19. Ne2 Rxa1 20. Qxa1 Bf5 21. Bxf5
Qxf5 22. Nf4 g5 23. Qa7 gxf4 24. Qxe7 Qf7 25. Qd6 f3 26. Kf2 Qh5 27. e6 Qh4+
28. Kf1 Qh3+ 29. Kf2 Qh4+ 30. Kf1 Kh8 31. e7 Re8 32. Rxg7 Kxg7 33. Qe5+ Qf6 34.
Qg3+ Kf7 35. e4 Rg8 36. Qxg8+ Kxg8 37. e8=Q+ Qf8 38. Qe6+ Qf7 39. Qg4+ Kh8 40.
Bf4 Nd7 41. Qg5 Qf6 42. Be5 Nxe5 43. Qxf6+ Kg8 44. dxe5 f2 45. e6 h5 46. e7 h4
47. e8=Q+ Kh7 48. Qeh8# 1-0

[Event "?"]
[Site "?"]
[Date "2011.06.04"]
[Round "6.36"]
[White "Sigmund, Wolfgang"]
[Black "Hartmann, Christian"]
[Result "1/2-1/2"]
[WhiteElo "1586"]
[BlackElo "1500"]
[PlyCount "82"]
[EventDate "2011.??.??"]

1. d4 g6 2. Nf3 Bg7 3. Bf4 c5 4. c3 Qb6 5. Qc2 cxd4 6. cxd4 Bxd4 7. Qxc8+ Qd8
8. Qxd8+ Kxd8 9. Nxd4 d6 10. Bg5 h6 11. Bd2 a6 12. e4 Nc6 13. Bc3 e5 14. Nb3
Nf6 15. N1d2 b5 16. Ba5+ Ke7 17. Bd3 Nd7 18. Rc1 Rhc8 19. Ke2 Rab8 20. Rc2 Nc5
21. Rhc1 Kd7 22. Nf3 Nxb3 23. axb3 Nxa5 24. Rxc8 Rxc8 25. Rxc8 Kxc8 26. Kd2
Nxb3+ 27. Kc3 Nc5 28. Bc2 Kc7 29. Ne1 Kb6 30. f3 a5 31. b4 axb4+ 32. Kxb4 Na6+
33. Kc3 Nc5 34. Nd3 Nxd3 35. Bxd3 Kc5 36. Bc2 f6 37. Bb3 g5 38. Be6 b4+ 39. Kb3
Kb5 40. Bd7+ Kc5 41. Be6 Kb5 1/2-1/2

[Event "?"]
[Site "?"]
[Date "2011.06.04"]
[Round "6.37"]
[White "Divkovic, Mario"]
[Black "Zeitler, Waldemar"]
[Result "1/2-1/2"]
[WhiteElo "1378"]
[BlackElo "1585"]
[PlyCount "131"]
[EventDate "2011.??.??"]

1. d4 d5 2. Nf3 e6 3. c4 c6 4. cxd5 exd5 5. Nc3 Nf6 6. Bg5 Be7 7. e3 Be6 8. Qb3
Qb6 9. Qc2 Nbd7 10. Bd3 h6 11. Bh4 Bd6 12. O-O g5 13. Bg3 Qc7 14. Bxd6 Qxd6 15.
Bf5 Bxf5 16. Qxf5 Qe6 17. Qxe6+ fxe6 18. Rfe1 Ne4 19. Nxe4 dxe4 20. Nd2 Nf6 21.
Nc4 O-O 22. Nd6 Rab8 23. Rac1 Nd5 24. Nxe4 Nb4 25. Rc4 Nd5 26. Nc5 Rfe8 27. Ra4
a6 28. e4 Nf4 29. g3 Ng6 30. Rb4 a5 31. Rxb7 Rxb7 32. Nxb7 Rb8 33. Nxa5 Rxb2
34. Rd1 Rxa2 35. Nxc6 Ra6 36. Nb4 Rd6 37. d5 e5 38. Nc6 h5 39. Rb1 h4 40. Rb7
h3 41. Kf1 Kf8 42. Ke2 g4 43. Kd3 Rf6 44. Ke3 Rf3+ 45. Ke2 Ra3 46. Rb1 Ra2+ 47.
Ke1 Kf7 48. Nd8+ Ke8 49. Ne6 Ra4 50. Ng5 Nf8 51. Rd1 Nd7 52. f3 gxf3 53. Nxf3
Rxe4+ 54. Kf2 Ra4 55. Ng5 Ra2+ 56. Kg1 Nf6 57. Nxh3 Ng4 58. Ng5 Rxh2 59. Re1
Rh5 60. Nf3 Kd7 61. Re4 Nf6 62. Rxe5 Rxe5 63. Nxe5+ Kd6 64. Nf3 Kxd5 65. Kh2
Ke4 66. Nh4 1/2-1/2

[Event "?"]
[Site "?"]
[Date "2011.06.04"]
[Round "6.39"]
[White "Drapchin, Marc"]
[Black "Weis, Olga"]
[Result "0-1"]
[WhiteElo "1820"]
[BlackElo "1541"]
[PlyCount "88"]
[EventDate "2011.??.??"]

1. e4 c6 2. d4 d5 3. e5 Bf5 4. g4 Bd7 5. h4 e6 6. Nc3 c5 7. Be3 cxd4 8. Bxd4
Nc6 9. f4 Bb4 10. a3 Ba5 11. Nf3 Nge7 12. Qd3 Nxd4 13. Qxd4 Nc6 14. Qd3 Rc8 15.
b4 Nxb4 16. axb4 Bxb4 17. Kf2 Rxc3 18. Qd1 Qb6+ 19. Kg3 Qe3 20. Bd3 Rc7 21. Qg1
Qxg1+ 22. Rhxg1 Bc5 23. Rgb1 Bb6 24. f5 O-O 25. f6 g6 26. h5 Rc5 27. hxg6 fxg6
28. Ng5 d4 29. Rh1 Rxe5 30. Nxh7 Re3+ 31. Kf2 Bc6 32. Nxf8 Bxh1 33. Rxh1 Kxf8
34. Bxg6 Kg8 35. f7+ Kg7 36. Rh7+ Kxg6 37. f8=Q Kxh7 38. Qf7+ Kh8 39. Kg2 Re2+
40. Kg3 Rxc2 41. Qxe6 Bc7+ 42. Kh4 Bd8+ 43. Kh5 Rc5+ 44. Kg6 Rc6 0-1

[Event "?"]
[Site "?"]
[Date "2011.06.04"]
[Round "6.40"]
[White "Wurm, Frank"]
[Black "Balija, Cerim"]
[Result "1-0"]
[WhiteElo "1614"]
[BlackElo "1532"]
[PlyCount "139"]
[EventDate "2011.??.??"]

1. e4 e5 2. Nf3 Nf6 3. Nc3 Bb4 4. Nd5 Nxd5 5. exd5 d6 6. a3 Ba5 7. b4 Bb6 8. d4
e4 9. Ng5 Qe7 10. Bc4 h6 11. Nh3 Bxh3 12. gxh3 Qh4 13. Rg1 g6 14. Qg4 Qxg4 15.
Rxg4 a6 16. Rxe4+ Kd7 17. c3 Kd8 18. Ra2 Nd7 19. Rae2 Rc8 20. Re7 c6 21. Bd2 f6
22. dxc6 bxc6 23. Bd3 Kc7 24. Bf4 Rcd8 25. R2e6 Kc8 26. Rxd6 Bc7 27. Bxa6+ Kb8
28. Rdxd7 Rxd7 29. Rxd7 Bxf4 30. Rb7+ Ka8 31. Rb6 Re8+ 32. Be2 Re6 33. d5 Rd6
34. Bb5 Ka7 35. Rxc6 Rxd5 36. Ra6+ Kb8 37. c4 Re5+ 38. Kd1 Bg5 39. f4 Bxf4 40.
Rxf6 Bxh2 41. Rxg6 Bf4 42. c5 Re3 43. Rb6+ Ka7 44. Ra6+ Kb8 45. Bf1 Bg3 46. Be2
Bf4 47. Bg4 Rc3 48. c6 Rb3 49. Bd7 h5 50. Rb6+ Kc7 51. Rb7+ Kd8 52. a4 Ra3 53.
Ra7 h4 54. b5 Be3 55. Ra6 Kc7 56. a5 Bc5 57. Ra8 Rd3+ 58. Kc2 Rxd7 59. cxd7
Kxd7 60. Kd3 Bd6 61. Kc4 Kc7 62. Ra7+ Kb8 63. b6 Bg3 64. Kb5 Bf4 65. Rh7 Ka8
66. Kc6 Bb8 67. Rxh4 Be5 68. a6 Bg3 69. Rh8+ Bb8 70. Rxb8+ 1-0

[Event "?"]
[Site "?"]
[Date "2011.06.04"]
[Round "6.41"]
[White "Stoll, Katja"]
[Black "Piskaykin, Bogdan"]
[Result "0-1"]
[WhiteElo "1564"]
[BlackElo "1329"]
[PlyCount "118"]
[EventDate "2011.??.??"]

1. e4 c5 2. Nf3 d6 3. d4 cxd4 4. Nxd4 Nf6 5. Nc3 a6 6. f3 e6 7. Be3 Be7 8. Qd2
b5 9. g4 Nfd7 10. O-O-O Bb7 11. Bg2 Nb6 12. Qd3 Nc4 13. Bf2 Nd7 14. f4 Nc5 15.
Qf1 Qb8 16. Bg3 Ne3 17. Qe2 Nxd1 18. Rxd1 b4 19. Nb1 O-O 20. h4 Rc8 21. h5 a5
22. g5 a4 23. Nd2 Qc7 24. Nb5 Qc6 25. Nd4 Qb6 26. Nc4 Qc7 27. Nb5 Qc6 28. Nd4
Qa6 29. a3 bxa3 30. Nxa3 Nb3+ 31. Kb1 Nxd4 32. Qxa6 Rxa6 33. Rxd4 Rac6 34. Rxa4
Ra6 35. Rb4 Bc6 36. Bf1 Ra4 37. Rxa4 Bxa4 38. Ba6 Rc5 39. Bf2 Ra5 40. Bd3 d5
41. exd5 Rxd5 42. Nc4 Rd8 43. Nb6 Bc6 44. Kc1 Bf3 45. h6 gxh6 46. gxh6 Bf8 47.
Bh4 Rd6 48. Nc4 Rd5 49. Ne5 Bh5 50. Bg5 Bc5 51. Kd2 Bd4 52. Nc4 Bg6 53. Ke2
Bxd3+ 54. cxd3 Rb5 55. Kf3 Bxb2 56. Ke4 Bh8 57. Ne5 f6 58. Bxf6 Bxf6 59. Nd7
Kf7 0-1

[Event "?"]
[Site "?"]
[Date "2011.06.04"]
[Round "6.42"]
[White "Fischer, Mark"]
[Black "Maisch, Johannes"]
[Result "1-0"]
[WhiteElo "1552"]
[BlackElo "1306"]
[PlyCount "53"]
[EventDate "2011.??.??"]

1. d4 d5 2. Nf3 Nf6 3. e3 e6 4. Bd3 c5 5. c3 Nc6 6. Nbd2 Bd7 7. O-O Rc8 8. Re1
cxd4 9. exd4 Be7 10. Ne5 O-O 11. f4 Qc7 12. Qf3 Bd6 13. Qh3 h6 14. g4 Bxe5 15.
fxe5 Nh7 16. Nf3 f6 17. g5 fxg5 18. Nxg5 Nxg5 19. Bxg5 Be8 20. Rf1 Rxf1+ 21.
Rxf1 Nd8 22. Bxd8 Rxd8 23. Qxe6+ Bf7 24. Qf5 g6 25. Qf6 Qd7 26. Kh1 Re8 27.
Bxg6 1-0

[Event "?"]
[Site "?"]
[Date "2011.06.04"]
[Round "6.44"]
[White "Awiszus, Thomas"]
[Black "Beck, Jens"]
[Result "1/2-1/2"]
[WhiteElo "1613"]
[BlackElo "1379"]
[PlyCount "29"]
[EventDate "2011.??.??"]

1. Nf3 c5 2. c4 d6 3. g3 Nf6 4. Bg2 g6 5. O-O Bg7 6. Nc3 Nc6 7. d3 O-O 8. a3
Bd7 9. Rb1 a6 10. b3 Rb8 11. Bb2 b5 12. Nd5 e6 13. Bxf6 Bxf6 14. Nxf6+ Qxf6 15.
Nd2 1/2-1/2

[Event "?"]
[Site "?"]
[Date "2011.06.04"]
[Round "6.45"]
[White "Giugno, Carmelo"]
[Black "Griesche, Veit"]
[Result "1-0"]
[WhiteElo "1517"]
[BlackElo "1342"]
[PlyCount "47"]
[EventDate "2011.??.??"]

1. d4 d5 2. c4 e6 3. Nf3 Nf6 4. Nc3 Be7 5. Bf4 c5 6. e3 O-O 7. Be2 Qb6 8. Qc2
Nc6 9. Rd1 cxd4 10. exd4 dxc4 11. Bxc4 Na5 12. Bd3 h6 13. O-O Bd6 14. Be3 Qc7
15. Rc1 Nc6 16. Qd2 Ng4 17. g3 Nxe3 18. Qxe3 Bd7 19. Qe4 f5 20. Qe2 Rae8 21.
Nh4 Nxd4 22. Qh5 a6 23. Ng6 Rf6 24. Nd5 1-0

[Event "?"]
[Site "?"]
[Date "2011.06.04"]
[Round "6.46"]
[White "Lin, Jean-Claude"]
[Black "Grözinger, Werner"]
[Result "1-0"]
[WhiteElo "1348"]
[BlackElo "1417"]
[PlyCount "69"]
[EventDate "2011.??.??"]

1. e4 e6 2. d4 b6 3. c4 Bb7 4. d5 exd5 5. cxd5 Bc5 6. Nf3 Ne7 7. Bc4 Ba6 8.
Bxa6 Nxa6 9. O-O Ng6 10. e5 h6 11. a3 Be7 12. d6 Bg5 13. b4 O-O 14. Bxg5 hxg5
15. h3 cxd6 16. Qxd6 Rc8 17. Qd3 Nb8 18. Nbd2 Nc6 19. Rfe1 Re8 20. Nc4 Re6 21.
Rad1 Rc7 22. b5 Nb8 23. Qd4 Rc5 24. a4 f6 25. Qe4 Qe8 26. Nd6 Rxd6 27. Rxd6
Nxe5 28. Kf1 Qe7 29. Rdd1 Qf7 30. Qb7 Qc4+ 31. Kg1 Nxf3+ 32. Qxf3 d5 33. Re8+
Kf7 34. Qh5+ g6 35. Qh8 1-0

[Event "?"]
[Site "?"]
[Date "2011.06.04"]
[Round "6.47"]
[White "Wunder, Anton"]
[Black "Kalwei, Reinhard"]
[Result "1-0"]
[WhiteElo "1423"]
[BlackElo "1531"]
[PlyCount "65"]
[EventDate "2011.??.??"]

1. d4 d5 2. c4 c6 3. Nc3 e6 4. e3 Nf6 5. Nf3 Bb4 6. Bd2 O-O 7. a3 Bxc3 8. Bxc3
Ne4 9. Qc2 Nxc3 10. Qxc3 Nd7 11. Be2 Nf6 12. O-O b6 13. b4 a6 14. c5 bxc5 15.
bxc5 a5 16. a4 Ba6 17. Bxa6 Rxa6 18. Rab1 Qc7 19. Qc2 Rb8 20. Rxb8+ Qxb8 21.
Rb1 Qc7 22. h3 Ra7 23. Qb3 Nd7 24. Ne5 f6 25. Nxd7 Qxd7 26. Qb8+ Kf7 27. Rb6
Ke7 28. Qg8 Qe8 29. Qxg7+ Qf7 30. Qxf7+ Kxf7 31. Rxc6 Ra8 32. Rb6 Ke7 33. Rb7+
1-0

[Event "?"]
[Site "?"]
[Date "2011.06.04"]
[Round "6.49"]
[White "Martin, Richard"]
[Black "Florio, Antonio"]
[Result "0-1"]
[WhiteElo "1686"]
[BlackElo "1771"]
[PlyCount "50"]
[EventDate "2011.??.??"]

1. e4 c5 2. Nf3 Nc6 3. d3 g6 4. g3 Bg7 5. Bg2 e5 6. Be3 d6 7. O-O Nge7 8. Qd2
h6 9. Ne1 Be6 10. f4 exf4 11. c3 fxe3 12. Qxe3 Qd7 13. Qf2 O-O-O 14. Nd2 Rhf8
15. Nc2 f5 16. Qe2 d5 17. exf5 Rxf5 18. Rfc1 Rh5 19. Bf3 Re5 20. Qf2 d4 21. c4
Bg4 22. Bxg4 Qxg4 23. Ne4 Nf5 24. Kg2 Nh4+ 25. Kh1 Rf5 0-1

[Event "?"]
[Site "?"]
[Date "2011.06.04"]
[Round "7.1"]
[White "Haug, Siegmund"]
[Black "Riegel, Frank"]
[Result "1/2-1/2"]
[WhiteElo "1894"]
[BlackElo "1872"]
[PlyCount "53"]
[EventDate "2011.??.??"]

1. d4 d5 2. Nf3 Nf6 3. Bg5 c5 4. e3 Nc6 5. c3 Bg4 6. Be2 e6 7. Nbd2 Be7 8. O-O
O-O 9. Ne1 Bf5 10. Bd3 Ne4 11. Bxe7 Qxe7 12. f3 Nf6 13. Qe2 Bxd3 14. Nxd3 c4
15. Nf2 e5 16. dxe5 Qxe5 17. Rae1 Rfe8 18. e4 b5 19. Qe3 d4 20. cxd4 Qxd4 21.
Qxd4 Nxd4 22. e5 Nd7 23. f4 f6 24. Re4 Nc6 25. exf6 Nxf6 26. Ree1 Nb4 27. a3
1/2-1/2

[Event "?"]
[Site "?"]
[Date "2011.06.04"]
[Round "7.2"]
[White "Pelezki, Sergej"]
[Black "Zaytsev, Evgeny"]
[Result "1-0"]
[WhiteElo "1897"]
[BlackElo "1791"]
[PlyCount "115"]
[EventDate "2011.??.??"]

1. e4 e5 2. Nc3 Nf6 3. f4 d6 4. fxe5 dxe5 5. d3 Bb4 6. Bg5 Bg4 7. Be2 Bxe2 8.
Ngxe2 h6 9. Bh4 Bc5 10. Nd5 g5 11. Nxf6+ Qxf6 12. Rf1 Qe6 13. Bf2 Nd7 14. Ng3
O-O-O 15. Nf5 Kb8 16. Qd2 Qb6 17. O-O-O Nf6 18. Bxc5 Qxc5 19. Qe3 Qa5 20. a3
Nd7 21. Ne7 Qa6 22. Nd5 Qe6 23. Rf5 c6 24. Nc3 f6 25. Rdf1 Qd6 26. Kb1 h5 27.
g3 g4 28. h3 Rdg8 29. h4 Rf8 30. Ne2 Qe7 31. Nc1 Qd6 32. Nb3 Qe7 33. Na5 Qd6
34. Nc4 Qe7 35. Qf2 Re8 36. Qd2 Qc5 37. Qb4 Qxb4 38. axb4 Re6 39. b3 Kc7 40.
Kb2 a6 41. Kc3 b5 42. Ne3 Kd6 43. Ra1 Nb8 44. Kd2 Rh7 45. c4 Rh8 46. Kc3 c5 47.
bxc5+ Kxc5 48. b4+ Kc6 49. Nd5 bxc4 50. dxc4 Kb7 51. Nxf6 Nc6 52. Nd7 Re7 53.
Nc5+ Kc7 54. Rxa6 Rb8 55. Rf6 Nxb4 56. Ra7+ Kd8 57. Rf8+ Re8 58. Rd7+ 1-0

[Event "?"]
[Site "?"]
[Date "2011.06.04"]
[Round "7.3"]
[White "Schömbs, Oliver"]
[Black "Wohlfahrt, Michael"]
[Result "1-0"]
[WhiteElo "1884"]
[BlackElo "1761"]
[PlyCount "45"]
[EventDate "2011.??.??"]

1. d4 d5 2. c4 c6 3. Nf3 Nf6 4. cxd5 cxd5 5. Nc3 e6 6. Bf4 Be7 7. e3 a6 8. Bd3
b5 9. O-O Bb7 10. Rc1 Nc6 11. Nxb5 axb5 12. Bxb5 Qb6 13. Qb3 O-O 14. Bxc6 Qxb3
15. axb3 Ra7 16. Ba4 Ba6 17. Rfd1 Bb4 18. Rc2 Ne4 19. Ne5 Rb7 20. f3 Nf6 21.
Nc6 h6 22. Nxb4 Rxb4 23. Bd6 1-0

[Event "?"]
[Site "?"]
[Date "2011.06.04"]
[Round "7.4"]
[White "Dölker, Kai"]
[Black "Malcan, Oener"]
[Result "1-0"]
[WhiteElo "1742"]
[BlackElo "1601"]
[PlyCount "45"]
[EventDate "2011.??.??"]

1. d4 d5 2. c4 c6 3. e3 Nf6 4. Nf3 e6 5. Nc3 Be7 6. Bd2 O-O 7. Be2 Nbd7 8. O-O
b6 9. cxd5 exd5 10. Qa4 Bb7 11. b4 Qb8 12. Rfc1 Rc8 13. Rab1 Bd6 14. Qc2 Rc7
15. a4 Qc8 16. Nh4 c5 17. bxc5 bxc5 18. Nb5 Rc6 19. Nxd6 Rxd6 20. Nf5 Re6 21.
dxc5 Ne4 22. Qb2 Rf6 23. Ne7+ 1-0

[Event "?"]
[Site "?"]
[Date "2011.06.04"]
[Round "7.5"]
[White "Schreiber, Stephan"]
[Black "Notz, Lukas"]
[Result "1-0"]
[WhiteElo "1718"]
[BlackElo "1445"]
[PlyCount "37"]
[EventDate "2011.??.??"]

1. d4 Nf6 2. Bf4 c5 3. e3 cxd4 4. exd4 g6 5. c3 Bg7 6. Nf3 O-O 7. Nbd2 d6 8. h3
Qc7 9. Be2 Nc6 10. O-O e5 11. dxe5 dxe5 12. Bh2 Qe7 13. Re1 Nd7 14. Bb5 f6 15.
Bxc6 bxc6 16. Nd4 Qc5 17. Ne6 Qb6 18. Nxf8 Bxf8 19. Qb3+ 1-0

[Event "?"]
[Site "?"]
[Date "2011.06.04"]
[Round "7.6"]
[White "Strauss, Martin"]
[Black "Paschmann, Stefan"]
[Result "1/2-1/2"]
[WhiteElo "1764"]
[BlackElo "1873"]
[PlyCount "75"]
[EventDate "2011.??.??"]

1. e4 c6 2. d4 d5 3. exd5 cxd5 4. c4 Nf6 5. Nc3 Nc6 6. Nf3 e6 7. a3 Be7 8. Bf4
O-O 9. Bd3 dxc4 10. Bxc4 Nd5 11. Nxd5 exd5 12. Bd3 Bg4 13. Be3 Bf6 14. Be2 Re8
15. O-O Qb6 16. b4 Bxf3 17. Bxf3 Bxd4 18. Bxd5 Bxe3 19. fxe3 Qxe3+ 20. Kh1 Re7
21. Rf3 Qe5 22. Rc1 Rd8 23. Rd3 Rde8 24. g3 Kf8 25. Qb3 Qg5 26. Rf1 f6 27. Qd1
Ne5 28. Rd4 Ng6 29. Ba2 Re3 30. Rd8 Qe5 31. Qd7 Qe7 32. Rxe8+ Qxe8 33. Qxb7
Rxa3 34. Qd5 Ne7 35. Qc4 Qc6+ 36. Kg1 Qxc4 37. Bxc4 Rc3 38. Be6 1/2-1/2

[Event "?"]
[Site "?"]
[Date "2011.06.04"]
[Round "7.7"]
[White "Florio, Antonio"]
[Black "Tönjes, Jürgen"]
[Result "1/2-1/2"]
[WhiteElo "1771"]
[BlackElo "1768"]
[PlyCount "31"]
[EventDate "2011.??.??"]

1. c4 c6 2. Nc3 d5 3. e3 Nf6 4. cxd5 Nxd5 5. Nxd5 Qxd5 6. d4 e5 7. dxe5 Bb4+ 8.
Bd2 Bxd2+ 9. Qxd2 Qxe5 10. Nf3 Qe7 11. Bd3 Be6 12. Nd4 Nd7 13. Nxe6 Qxe6 14.
Qb4 Nb6 15. O-O Qe7 16. Qxe7+ 1/2-1/2

[Event "?"]
[Site "?"]
[Date "2011.06.04"]
[Round "7.8"]
[White "Munk, Werner"]
[Black "Michna, Marcus"]
[Result "1-0"]
[WhiteElo "1717"]
[BlackElo "1869"]
[PlyCount "67"]
[EventDate "2011.??.??"]

1. Nf3 d5 2. g3 c5 3. Bg2 e6 4. d3 Nc6 5. O-O Bd6 6. Nbd2 Nge7 7. e4 O-O 8. Re1
f6 9. c3 Bd7 10. Qe2 b5 11. d4 cxd4 12. cxd4 dxe4 13. Nxe4 Bb4 14. Rd1 Nd5 15.
Bd2 a5 16. a3 Be7 17. Nc3 Nxc3 18. Bxc3 b4 19. axb4 axb4 20. Rxa8 Qxa8 21. Bd2
Qa2 22. Bf4 Kh8 23. h4 Rd8 24. Bh3 Bc8 25. Bc7 Re8 26. Qd2 Bd8 27. Bf4 Bb6 28.
d5 exd5 29. Bxc8 Rxc8 30. Qxd5 Qxb2 31. Rd2 Qc1+ 32. Kh2 Qc5 33. Qe6 Qe7 34.
Qxc8+ 1-0

[Event "?"]
[Site "?"]
[Date "2011.06.04"]
[Round "7.9"]
[White "Häfele, Torsten"]
[Black "Wezel, Sebastian"]
[Result "1-0"]
[WhiteElo "1574"]
[BlackElo "1848"]
[PlyCount "79"]
[EventDate "2011.??.??"]

1. e4 c5 2. d4 cxd4 3. c3 Nf6 4. e5 Nd5 5. cxd4 e6 6. Bc4 Nb6 7. Bb3 d6 8. a3
Nc6 9. Nf3 dxe5 10. dxe5 Qxd1+ 11. Bxd1 Nc4 12. Nc3 a6 13. Bf4 g5 14. Bxg5 Rg8
15. O-O N4xe5 16. Ne4 Be7 17. Nf6+ Bxf6 18. Bxf6 Ng4 19. Bc3 b5 20. h3 Nh6 21.
Bc2 f5 22. Rfe1 Ra7 23. Ne5 Nxe5 24. Bxe5 Nf7 25. Bf4 Re7 26. Bb3 Ng5 27. Bxg5
Rxg5 28. Rac1 Bb7 29. g3 f4 30. g4 e5 31. Rc5 h5 32. Bd1 Kf7 33. h4 Rg6 34. g5
Rd6 35. Bxh5+ Kg7 36. Rexe5 Rxe5 37. Rxe5 Bc6 38. Rf5 Rd2 39. Rf6 Be4 40. Rxf4
1-0

[Event "?"]
[Site "?"]
[Date "2011.06.04"]
[Round "7.10"]
[White "Lebeda, Lukas"]
[Black "Pocrnic, Josip"]
[Result "1/2-1/2"]
[WhiteElo "1681"]
[BlackElo "1824"]
[PlyCount "47"]
[EventDate "2011.??.??"]

1. c4 Nf6 2. Nc3 g6 3. Nf3 Bg7 4. g3 d5 5. cxd5 Nxd5 6. Bg2 Nb6 7. O-O O-O 8.
d3 Nc6 9. Bf4 a6 10. Qd2 Re8 11. Bh6 Bh8 12. Rfd1 Bg4 13. Rac1 Qd7 14. Ne4 Rab8
15. Nc5 Qc8 16. Ne1 Bd7 17. Nxd7 Qxd7 18. Nf3 Nd4 19. Nxd4 Bxd4 20. Be3 c6 21.
Bxd4 Qxd4 22. e3 Qd6 23. Qa5 Nd7 24. d4 1/2-1/2

[Event "?"]
[Site "?"]
[Date "2011.06.04"]
[Round "7.11"]
[White "Hamm, Julian"]
[Black "Ruff, Robert"]
[Result "1/2-1/2"]
[WhiteElo "1684"]
[BlackElo "1785"]
[PlyCount "33"]
[EventDate "2011.??.??"]

1. c4 e5 2. Nc3 Nc6 3. g3 Nf6 4. Bg2 Bc5 5. Nf3 O-O 6. O-O d6 7. d3 Bg4 8. a3
a5 9. Rb1 Rb8 10. Nb5 Qd7 11. b4 axb4 12. axb4 Bb6 13. Qc2 Ne7 14. Nc3 Ng6 15.
Na4 Ba7 16. b5 Rfe8 17. e3 1/2-1/2

[Event "?"]
[Site "?"]
[Date "2011.06.04"]
[Round "7.12"]
[White "Ellinger, Harald"]
[Black "Steimbach, Isabel"]
[Result "1/2-1/2"]
[WhiteElo "1854"]
[BlackElo "1556"]
[PlyCount "38"]
[EventDate "2011.??.??"]

1. Nf3 d5 2. d4 e6 3. c4 Nf6 4. a3 Be7 5. Nc3 O-O 6. e3 b6 7. cxd5 exd5 8. Qc2
Bb7 9. Bd3 c5 10. O-O Nbd7 11. Ne5 Bd6 12. f4 a6 13. Rf3 h6 14. Bf5 Bc8 15. Bd2
Nb8 16. Raf1 Bxf5 17. Qxf5 Qc8 18. Qb1 Nc6 19. Nxc6 Qxc6 1/2-1/2